000 00896nac a22002777a 4500
001 BR9001639
003 BR-BrBNA
005 20240105121103.0
008 230509b bl.|||m| |||| 00| 0 por d
040 _aBR-BrBNA
_bpor
_cBiblioteca Nacional de Agricultura
072 _aF03
090 _a0311 BR9001639
100 1 _aSiqueira, E.R. de
110 1 _aCentro Nacional de Pesquisa de Coco, Aracaju, SE (Brasil)
_91760
245 1 _aCaracterizacao de populacao de coqueiros-gigantes-do-Brasil para coleta de sementes
260 3 _aAracaju, SE (Brasil):
_c1988.
300 _a11 p.
490 _aDocumentos - Centro Nacional de Pesquisa de Coco (Brazil)
_vno. 8
_xISSN 0102-9185
500 _aSummaries (En, Pt)
650 _aCOCO
650 _aPOPULACAO DE PLANTA
650 _aSEMENTE
650 _aBAHIA
909 _a202312
_bLúcia Elande
_c55
_dLúcia Elande
942 _2AGRIS
_n0
_cMS
999 _c283219
_d283219